000 00414nam a2200181Ia 4500
005 20250423095708.0
008 250422s9999 xx 000 0 und d
020 _a0- 7637- 1229- 9
050 _aQB45 .K84/
100 _aKarl F. Kuhn
245 0 _aIn quest of the universe
250 _a3rd ed.
260 _bJones and Barlett
260 _c2000
300 _a658 p
650 _aAstronomy
942 _cBK
999 _c31056
_d31056